Bienvenue à la Médiathèque de Saint-Andiol
banniere
Accueil Recherche avancée Mon compte
handi1 Rechercher dans le catalogue

Filtre   Mots-clés
  Recherche avancée
 
Lister les dernières nouveautés
 
Lister les livres GROS CARACTERES
 
Lister les périodiques (magazines)

handi1 bonne mère (La)

Book Cover
Auteur principal : Mathilda Di Matteo
Titre : bonne mère (La)
Support : Livres
Langue : Francais
Publié : DL 2025 l'Iconoclaste Paris
Genre : Roman
Sujets :
Étiquettes :
Pas de tags
LEADER 01617nam0a2200205 450
001 16867802
010 |a 978-2-37880-507-4  |b broché  |d 20,9 € 
100 |a 20260306d2026 u u0frey01 ba 
101 0 |a fre 
102 |a FR 
200 0 |a bonne mère (La)  |f Mathilda di Matteo 
207 1 |a   
210 |a Paris  |c l'Iconoclaste  |d DL 2025 
215 |a 1 volume (354 pages)  |c couverture illustrée en couleurs  |d 19 cm 
330 |a 'Certains disent qu'elle est vulgaire. Moi, je dirais qu'elle est solaire. Un soleil de canicule, du genre incendiaire. ' Huit cents kilomètres séparent Clara de sa mère, Véro, depuis qu'elle a quitté Marseille. Ce week-end, elle lui présente Raphae[u0308]l. Un girafon, pense Véro en le voyant. Il l'agace avec son pedigree bourgeois, ses mots compliqués et sa bouche fermée comme une huître. Elle n'aurait jamais dû laisser Clara monter à Paris. Mère et fille se cherchent, se fuient, se heurtent sans jamais oublier de s'aimer. Comment être une bonne mère quand notre enfant nous échappe? Comment être une bonne fille quand on a honte de celle qui nous a tout donné? Comment s'affranchir sans trahir ? 'La Bonne Mère' est l'histoire d'un amour féroce. Un roman ultra-contemporain sur la violence dont on hérite et sur ce qu'on reproduit malgré soi. Avec une ironie mordante, Mathilda di Matteo nous entraîne dans un tourbillon d'émotions, entre Marseille et Paris. 
606 0 |a Mères et filles 
700 0 |a Di Matteo  |b Mathilda  |4 70 
900 |a Roman 
901 |a Adultes 
995 |a Médiathèque  |c Médiathèque  |f 089021774  |h 089021774  |k R DIM  |o p  |q a  |r az  |e Médiathèque